| 000 | 00581nam a2200181 i 4500 | ||
|---|---|---|---|
| 001 | 52609 | ||
| 003 | ES-MaACL | ||
| 005 | 20230906162618.0 | ||
| 007 | t| | ||
| 008 | 030901s1964 sp ||||1| spa d | ||
| 100 | 1 |
_aDavis, Raymond E. _942985 |
|
| 245 | 1 | 0 |
_aTratado de topografía / _cRaymond E. Davis y Francis S. Foote ; versión española de José María Mantero. |
| 260 |
_a[Madrid] : _bAguilar, _c[1964] |
||
| 300 |
_aXX, 880 p. : _bil. ; _c22 cm. |
||
| 700 | 1 |
_aFoote, Francis S. _951664 |
|
| 700 | 1 |
_aMantero, José María. _976154 |
|
| 852 |
_aES-MaACL _jC-25949 _bR.54543 |
||
| 999 |
_c52609 _d52609 |
||